| 000 | 01273nam a2200289 a 4500 | ||
|---|---|---|---|
| 001 | 000007833 | ||
| 005 | 20200929154320.0 | ||
| 008 | 090911s1985 dr ab 001 0 spa d | ||
| 040 |
_aDO-SdBNP _bspa _cBNPHU |
||
| 082 |
_a553.282 _bP762p |
||
| 100 | 1 |
_aPolanco, Elisandro S. _921564 |
|
| 245 | 1 | 0 |
_aPetróleo dominicano y energía alternativa / _cElisandro S. Polanco, Euclides A. Paulino. |
| 260 |
_aSanto Domingo : _bTaller, _c1985. |
||
| 300 |
_a116 p. : _bil., mapas ; _c23 cm. |
||
| 490 | 1 |
_aUniversidad Interamericana _v1 |
|
| 500 | _aGlosario: p. 107-110. | ||
| 504 | _aIncluye referencias bibliográficas ay notas al pie de las páginas. | ||
| 504 | _aBibliografía: 115-116. | ||
| 505 | 0 |
_gPresentación -- _gIntroducción general -- _tExploraciones petroleras en la República Dominicana -- _tTrasnacionalización económica y energía renovable -- _tDiferentes fuentes energéticas -- _gAnexos -- _gBibliografía. |
|
| 590 | _aInventariado, 2020/MFF | ||
| 650 | 4 |
_aPetróleo _zRepública Dominicana _97295 |
|
| 650 | 4 |
_aHidrocarburos _921565 |
|
| 650 | 4 |
_aRecursos energéticos renovables _zRepública Dominicana _921566 |
|
| 700 | 1 |
_aPaulino, Euclides A. _921567 |
|
| 830 | 0 |
_aUniversidad Interamericana _v1 _921568 |
|
| 910 | _aValidado. Control de calidad EMS. | ||
| 999 |
_c7611 _d7611 |
||